[Event "Prva liga Centralne Srbije 2007"]
[Site "Vrnjacka Banja"]
[Date "2007.10.13"]
[Round "6.1"]
[White "Milanovic, Danilo"]
[Black "Muratovic, Alija"]
[Result "1-0"]
[WhiteElo "2495"]
[BlackElo "2476"]
[PlyCount "71"]
[EventDate "2007.09.09"]

1. d4 d5 2. c4 e6 3. Nc3 Nf6 4. cxd5 exd5 5. Bg5 c6 6. e3 h6 7. Bh4 Be7 8. Bd3
Nbd7 9. Nge2 O-O 10. Qc2 Re8 11. f3 c5 12. O-O a6 13. Rad1 b5 14. Bf2 Bb7 15.
Ng3 Qc7 16. Nce2 Rac8 17. Qd2 Bf8 18. Bb1 cxd4 19. exd4 Re6 20. Nf4 Rc6 21. Nd3
Re8 22. Kh1 Bc8 23. b3 g6 24. Be3 h5 25. Bf4 Bd6 26. Bxd6 Qxd6 27. Qh6 Nf8 28.
Ne5 Rc7 29. Qf4 Rd8 30. Rfe1 Kg7 31. Ne2 N8d7 32. Qg3 Nf8 33. Nf4 a5 34. Rc1
Kh6 35. Rxc7 Qxc7 36. Nfxg6 1-0

[Event "Prva liga Centralne Srbije 2007"]
[Site "Vrnjacka Banja"]
[Date "2007.10.13"]
[Round "6.1"]
[White "Djakovac, Enes"]
[Black "Nikolic, Zivoslav"]
[Result "1/2-1/2"]
[WhiteElo "2237"]
[BlackElo "2417"]
[PlyCount "62"]
[EventDate "2007.09.09"]

1. e4 e6 2. d4 d5 3. exd5 exd5 4. Bd3 Nc6 5. c3 Bd6 6. Nf3 Nge7 7. Qc2 Bg4 8.
Nbd2 Qd7 9. O-O Bf5 10. Re1 Bxd3 11. Qxd3 O-O 12. Nf1 Ng6 13. Ng3 Bxg3 14. hxg3
Rfe8 15. Bf4 a6 16. Rad1 f6 17. Nh4 Nge7 18. Bd2 g6 19. Re2 Kf7 20. Rde1 Ng8
21. Qf3 Rxe2 22. Rxe2 h5 23. Qd3 Nce7 24. b3 Kg7 25. Bc1 g5 26. Nf3 Ng6 27. Ba3
c6 28. Kf1 Re8 29. Ne1 h4 30. Rxe8 Qxe8 31. gxh4 Nxh4 1/2-1/2

[Event "Prva liga Centralne Srbije 2007"]
[Site "Vrnjacka Banja"]
[Date "2007.10.13"]
[Round "6.1"]
[White "Jovanovic, Bojan"]
[Black "Milosavljevic, Milisav"]
[Result "1-0"]
[WhiteElo "2304"]
[BlackElo "2199"]
[PlyCount "139"]
[EventDate "2007.09.09"]

1. d4 d5 2. c4 e6 3. Nc3 c5 4. cxd5 exd5 5. Nf3 Nc6 6. g3 Nf6 7. Bg2 Be7 8. O-O
O-O 9. h3 Re8 10. Bg5 cxd4 11. Nxd4 h6 12. Be3 Bf8 13. Rc1 Be6 14. Nxc6 bxc6
15. Na4 Bd7 16. Bc5 Ne4 17. Bxf8 Kxf8 18. e3 Qf6 19. b3 Kg8 20. Nc5 Nxc5 21.
Rxc5 Qb2 22. Rc2 Qf6 23. Qd2 Re7 24. Rfc1 Qe5 25. Kh2 h5 26. h4 g5 27. Qc3 Qxc3
28. Rxc3 f6 29. Bf3 Kg7 30. Rc5 a5 31. Kg2 g4 32. Bd1 f5 33. R1c3 Kf6 34. Bc2
Ke5 35. Bd3 Kd6 36. Kf1 Ree8 37. Be2 Reb8 38. Bd1 Rb6 39. Ke1 Bc8 40. Bc2 Ba6
41. Rxa5 Rf8 42. a3 Bb5 43. b4 Re8 44. Kd2 Rb7 45. Bd3 Bxd3 46. Kxd3 Reb8 47.
Ra6 Rb6 48. Rxb6 Rxb6 49. Kc2 Ke5 50. Kb3 Ke4 51. a4 Kf3 52. a5 Rb8 53. Rc2 c5
54. Rxc5 Kxf2 55. a6 Kxg3 56. b5 d4 57. exd4 Ra8 58. Kb4 f4 59. Ka5 f3 60. b6
Rf8 61. b7 f2 62. Rc1 Kxh4 63. a7 f1=Q 64. Rxf1 Rxf1 65. b8=Q g3 66. a8=Q Ra1+
67. Kb4 Rb1+ 68. Kc3 Rxb8 69. Qxb8 Kh3 70. Qf4 1-0

[Event "Prva liga Centralne Srbije 2007"]
[Site "Vrnjacka Banja"]
[Date "2007.10.13"]
[Round "6.1"]
[White "Milosavljevic, Zoran"]
[Black "Jovanovic, Drasko"]
[Result "0-1"]
[WhiteElo "2185"]
[BlackElo "2250"]
[PlyCount "112"]
[EventDate "2007.09.09"]

1. e4 c5 2. Nf3 Nc6 3. d4 cxd4 4. Nxd4 Nf6 5. Nc3 e5 6. Ndb5 d6 7. Nd5 Nxd5 8.
Qxd5 Be6 9. Qd1 Be7 10. Be3 O-O 11. c4 a6 12. Nc3 Bg5 13. Qd2 Bxe3 14. Qxe3 Nd4
15. Bd3 Rc8 16. Ne2 Rxc4 17. O-O Nxe2+ 18. Qxe2 Rc5 19. f4 exf4 20. Rxf4 Qg5
21. Raf1 Rfc8 22. Qd2 Qe5 23. a3 Qd4+ 24. R4f2 h6 25. Rd1 Bb3 26. Re1 Bc2 27.
Bf1 Qxb2 28. Qxd6 Qe5 29. Qxe5 Rxe5 30. Rc1 Rec5 31. e5 Be4 32. Re1 Rxe5 33.
Rb2 Rce8 34. Bc4 b5 35. Ba2 Bd5 36. Ra1 Re1+ 37. Rxe1 Rxe1+ 38. Kf2 Re5 39. Bb1
g6 40. Bc2 Bc4 41. Bd1 a5 42. Bf3 Re6 43. Rd2 Rb6 44. Ke3 Kg7 45. Rf2 Rd6 46.
Be4 Rd1 47. Rf3 Bd5 48. Bxd5 Rxd5 49. Rf2 b4 50. axb4 axb4 51. Rb2 Rb5 52. g4
Kf6 53. h4 Ke5 54. Rb3 Rb7 55. g5 hxg5 56. hxg5 Kf5 0-1

[Event "Prva liga Centralne Srbije 2007"]
[Site "Vrnjacka Banja"]
[Date "2007.10.13"]
[Round "6.1"]
[White "Skakic, Zeljko"]
[Black "Ikic, Alija"]
[Result "1-0"]
[WhiteElo "2211"]
[BlackElo "2137"]
[PlyCount "69"]
[EventDate "2007.09.09"]

1. d4 Nf6 2. c4 g6 3. Nc3 Bg7 4. e4 d6 5. f3 Nbd7 6. Bg5 c5 7. d5 a6 8. Nh3 Rb8
9. a4 Ne5 10. Nf2 Qa5 11. Ra3 Qc7 12. Be2 h6 13. Be3 h5 14. Qd2 e6 15. O-O exd5
16. cxd5 b6 17. h3 Ned7 18. f4 O-O 19. e5 dxe5 20. d6 Qd8 21. fxe5 Nxe5 22. Bg5
Ned7 23. Nd5 Bb7 24. Ne7+ Kh7 25. g4 h4 26. Qf4 b5 27. Re3 Qb6 28. Bxf6 Bxf6
29. g5 Kg7 30. gxf6+ Nxf6 31. Qe5 Rbd8 32. Ne4 Bxe4 33. Qxf6+ Kh7 34. Rxe4 c4+
35. Rf2 1-0

[Event "Prva liga Centralne Srbije 2007"]
[Site "Vrnjacka Banja"]
[Date "2007.10.14"]
[Round "6.2"]
[White "Dochev, Dimitar"]
[Black "Jesic, Dusan"]
[Result "1/2-1/2"]
[WhiteElo "2405"]
[BlackElo "2384"]
[PlyCount "86"]
[EventDate "2007.09.09"]

1. e4 c5 2. Nf3 d6 3. d4 cxd4 4. Nxd4 Nf6 5. Nc3 a6 6. Be3 e5 7. Nf3 Be7 8. Bc4
O-O 9. O-O Be6 10. Bb3 h6 11. Qe2 Nbd7 12. Rfd1 b5 13. a3 Rc8 14. Nh4 Nc5 15.
Bxe6 Nxe6 16. Nf5 Re8 17. Qf3 Bf8 18. Rd3 Kh7 19. Rad1 Rc6 20. R1d2 g6 21. Ng3
Nc7 22. h4 Be7 23. h5 Qc8 24. Nf1 Kg7 25. hxg6 fxg6 26. Nh2 a5 27. Qe2 b4 28.
axb4 axb4 29. Nd5 Ncxd5 30. exd5 Rc4 31. f3 Qf5 32. b3 Rc7 33. Ng4 Ng8 34. Bb6
Rb7 35. Ne3 Qf7 36. Nc4 Nf6 37. Be3 Bf8 38. Rd1 Kh7 39. R3d2 Ra8 40. Nb6 Rab8
41. Nc4 Ra8 42. Nb6 Rab8 43. Nc4 Ra8 1/2-1/2

[Event "Prva liga Centralne Srbije 2007"]
[Site "Vrnjacka Banja"]
[Date "2007.10.14"]
[Round "6.2"]
[White "Misojcic, Miroslav"]
[Black "Trifunovic, Miroljub"]
[Result "1-0"]
[WhiteElo "2244"]
[BlackElo "2270"]
[PlyCount "117"]
[EventDate "2007.09.09"]

1. d4 d5 2. c4 e6 3. Nf3 Nf6 4. Nc3 Be7 5. Bg5 h6 6. Bh4 O-O 7. e3 b6 8. Bxf6
Bxf6 9. cxd5 exd5 10. Qd2 Re8 11. Be2 Bb7 12. O-O Nd7 13. Rfd1 Nf8 14. Rac1 Be7
15. Ne5 c6 16. Qc2 Bd6 17. Nd3 Ne6 18. g3 Qe7 19. Bf3 Ng5 20. Bg2 h5 21. a3 h4
22. Nf4 hxg3 23. hxg3 Ne4 24. Nxe4 dxe4 25. Ne2 Rac8 26. Nc3 c5 27. dxc5 Rxc5
28. Qa4 Bc6 29. Qb3 Bb7 30. Qa4 Bc6 31. Qb3 Be5 32. Na4 Bd5 33. Qb4 Rxc1 34.
Rxc1 Bd6 35. Qb5 Bb7 36. Rd1 Rc8 37. Nc3 g6 38. Qa4 Bc6 39. Qc4 Rc7 40. Nd5
Bxd5 41. Qxd5 Be5 42. Bxe4 Bxb2 43. Bxg6 Kg7 44. Bd3 Bxa3 45. Qf5 Qf6 46. Qh7+
Kf8 47. Kg2 Rc1 48. Rd2 Bb4 49. Re2 a5 50. e4 Rc5 51. f4 Qg7 52. Qh4 Rc8 53.
Ba6 Be7 54. Qh3 Rd8 55. e5 Kg8 56. Bc4 Bc5 57. e6 fxe6 58. Bxe6+ Kf8 59. Qf5+
1-0

[Event "Prva liga Centralne Srbije 2007"]
[Site "Vrnjacka Banja"]
[Date "2007.10.14"]
[Round "6.2"]
[White "Cvetkovic, Nemanja"]
[Black "Urosevic, Zoran"]
[Result "0-1"]
[WhiteElo "2276"]
[BlackElo "2270"]
[PlyCount "74"]
[EventDate "2007.09.09"]

1. d4 Nf6 2. c4 c5 3. d5 e5 4. Nc3 d6 5. e4 Nbd7 6. g4 h6 7. Be3 Be7 8. h4 Nh7
9. g5 hxg5 10. hxg5 Bxg5 11. Qd2 Bxe3 12. Qxe3 a6 13. O-O-O Ndf6 14. f4 Ng4 15.
Qg3 exf4 16. Qxf4 Qf6 17. Qxf6 Ngxf6 18. Na4 Bg4 19. Re1 Nd7 20. Be2 Bxe2 21.
Rxe2 b5 22. cxb5 axb5 23. Nc3 b4 24. Nb5 Ke7 25. Reh2 Ndf6 26. e5 dxe5 27. Nf3
Ra5 28. d6+ Ke6 29. a4 Rxa4 30. Ng5+ Nxg5 31. Rxh8 Ra5 32. d7 Kxd7 33. Rd1+ Kc6
34. Rd6+ Kxb5 35. Rb8+ Kc4 36. Kc2 Ra2 37. Kb1 b3 0-1

[Event "Prva liga Centralne Srbije 2007"]
[Site "Vrnjacka Banja"]
[Date "2007.10.14"]
[Round "6.2"]
[White "Pantelic, Sasa"]
[Black "Rajkovic, Ljubisa"]
[Result "1-0"]
[WhiteElo "2229"]
[BlackElo "2189"]
[PlyCount "83"]
[EventDate "2007.09.09"]

1. d4 c5 2. d5 e5 3. e4 d6 4. Nc3 Be7 5. Nf3 Nf6 6. Nd2 Nbd7 7. Be2 O-O 8. O-O
Ne8 9. Nc4 Nb6 10. Ne3 Bg5 11. a4 Bd7 12. a5 Nc8 13. Bg4 Nf6 14. Bxd7 Nxd7 15.
Qg4 g6 16. Nc4 Bxc1 17. Raxc1 Qe7 18. f4 a6 19. f5 Na7 20. Nb6 Nxb6 21. f6 Qd7
22. Qg5 Kh8 23. axb6 Nb5 24. Qh6 Rg8 25. Rf3 g5 26. Rh3 Qxh3 27. Qxh3 g4 28.
Qh5 Rg6 29. Nxb5 axb5 30. Qf5 Rd8 31. Ra1 h6 32. Ra7 Rg5 33. Qf1 Rb8 34. Qxb5
g3 35. h3 Rg6 36. Qd7 Rxf6 37. Rxb7 Rg8 38. Rc7 Rf4 39. Rc8 Rxe4 40. Rxg8+ Kxg8
41. Qg4+ Rxg4 42. hxg4 1-0

[Event "Prva liga Centralne Srbije 2007"]
[Site "Vrnjacka Banja"]
[Date "2007.10.14"]
[Round "6.2"]
[White "Jakovljevic, Zivota"]
[Black "Misic, Dragan"]
[Result "0-1"]
[WhiteElo "2131"]
[BlackElo "2222"]
[PlyCount "108"]
[EventDate "2007.09.09"]

1. d4 d5 2. c4 c6 3. Nc3 Nf6 4. Nf3 Bg4 5. Ne5 Bf5 6. Qb3 Qb6 7. Qd1 e6 8. c5
Qc7 9. Bf4 Qc8 10. e3 Nbd7 11. Be2 Nxe5 12. Bxe5 Nd7 13. Bg3 Be7 14. O-O O-O
15. b4 Re8 16. Rc1 Bf6 17. b5 e5 18. bxc6 bxc6 19. Qa4 a5 20. Qd1 Rb8 21. a3
Rb2 22. Bd3 Bxd3 23. Qxd3 exd4 24. exd4 Nf8 25. Na4 Rb5 26. Bf4 Qg4 27. Be3 Ne6
28. f3 Nf4 29. Bxf4 Qxf4 30. Rcd1 h5 31. g3 Qe3+ 32. Kg2 Rb3 33. Qxe3 Rexe3 34.
Nb6 Rxa3 35. Nd7 Red3 36. Nxf6+ gxf6 37. Ra1 Rd2+ 38. Kh3 Rxa1 39. Rxa1 Rxd4
40. Rxa5 Rc4 41. Kg2 Rc2+ 42. Kh3 Kg7 43. g4 Kg6 44. Kg3 f5 45. gxh5+ Kxh5 46.
Kf4 Kg6 47. h4 Kf6 48. h5 Rc4+ 49. Ke3 Kg5 50. Ra6 f4+ 51. Kd3 Rxc5 52. Kd4 Rc1
53. Ra8 f6 54. Rh8 Rh1 0-1

[Event "Prva liga Centralne Srbije 2007"]
[Site "Vrnjacka Banja"]
[Date "2007.10.14"]
[Round "6.2"]
[White "Lukic, Predrag"]
[Black "Klcesko, Nebojsa"]
[Result "1/2-1/2"]
[WhiteElo "2182"]
[BlackElo "1887"]
[PlyCount "128"]
[EventDate "2007.09.09"]

1. d4 d5 2. c4 e6 3. Nc3 Nf6 4. cxd5 exd5 5. Bg5 Be7 6. e3 O-O 7. Bd3 h6 8. Bh4
b6 9. Qc2 Bb7 10. Nf3 Re8 11. O-O Ne4 12. Bxe7 Qxe7 13. Rae1 Nd7 14. Nd2 c5 15.
Bb5 Nd6 16. dxc5 Nxb5 17. Nxb5 Nxc5 18. Nf3 Ba6 19. Nfd4 Rec8 20. Rd1 Qd7 21.
a4 Ne6 22. Qf5 g6 23. Qh3 Bxb5 24. Nxb5 Rc4 25. Nc3 d4 26. Qxh6 Qc6 27. exd4
Rxd4 28. Rxd4 Nxd4 29. Qd2 Qc4 30. Re1 Rd8 31. Qg5 Nc6 32. h3 Qb4 33. Re2 Qd6
34. Re4 Nd4 35. h4 Kg7 36. Qe7 Nc6 37. Qg5 Qd2 38. Rf4 Qe1+ 39. Kh2 Qe7 40. Qb5
Nd4 41. Qc4 Ne6 42. Re4 Qd6+ 43. g3 Qd2 44. Re2 Qc1 45. Qe4 Qf1 46. Qe5+ Kg8
47. h5 gxh5 48. Qxh5 Qc1 49. Kg2 Qg5 50. Qxg5+ Nxg5 51. Re7 Rd2 52. Rxa7 Rxb2
53. Rb7 Rc2 54. Nd5 Ne4 55. Rxb6 Nxf2 56. a5 Nd3+ 57. Kf3 Ra2 58. a6 Nc5 59.
Nc7 Kg7 60. Rc6 Ra3+ 61. Kf4 Nd3+ 62. Kg5 Nb4 63. Rb6 Nxa6 64. Rxa6 Rxg3+
1/2-1/2

[Event "Prva liga Centralne Srbije 2007"]
[Site "Vrnjacka Banja"]
[Date "2007.10.14"]
[Round "6.3"]
[White "Mitrovic, Petar"]
[Black "Kojovic, Dragan"]
[Result "0-1"]
[WhiteElo "2374"]
[BlackElo "2407"]
[PlyCount "76"]
[EventDate "2007.09.09"]

1. e4 c5 2. Nf3 Nc6 3. d4 cxd4 4. Nxd4 Qc7 5. Nc3 e6 6. g3 a6 7. Bg2 Nf6 8. O-O
Nxd4 9. Qxd4 Bc5 10. Bf4 d6 11. Qd2 h6 12. Na4 e5 13. Be3 Be6 14. Nxc5 dxc5 15.
Qc3 Rc8 16. a4 O-O 17. a5 Ng4 18. Bd2 Rfe8 19. f3 Nf6 20. Be3 Nd7 21. Rfd1 Nf8
22. Rd2 Re7 23. Rad1 Rd7 24. Rxd7 Nxd7 25. f4 f6 26. Qd2 Nf8 27. b3 c4 28. b4
Bg4 29. Qd5+ Kh7 30. Rf1 Be6 31. Qd2 c3 32. Qf2 Qc4 33. fxe5 fxe5 34. Bc5 Nd7
35. Bd6 Rc6 36. Rd1 Bg4 37. Rd3 Qxd3 38. cxd3 c2 0-1

[Event "Prva liga Centralne Srbije 2007"]
[Site "Vrnjacka Banja"]
[Date "2007.10.14"]
[Round "6.3"]
[White "Solomunovic, Igor"]
[Black "Milunovic, Toni"]
[Result "1/2-1/2"]
[WhiteElo "2396"]
[BlackElo "2317"]
[PlyCount "135"]
[EventDate "2007.09.09"]

1. e4 e6 2. Qe2 Nc6 3. Nf3 e5 4. g3 Bc5 5. Bg2 d6 6. O-O Bg4 7. c3 Qd7 8. b4
Bb6 9. a4 a5 10. b5 Nd8 11. Na3 Ne7 12. Nc4 Bc5 13. Bb2 O-O 14. d4 exd4 15.
cxd4 Bb4 16. Rac1 f5 17. h3 Bxf3 18. Qxf3 fxe4 19. Qxe4 d5 20. Ne5 Qe6 21. Qc2
c6 22. f4 Rc8 23. Qb3 Qd6 24. Rc2 Ne6 25. bxc6 bxc6 26. Rfc1 Nd8 27. Nd3 Rb8
28. Nxb4 axb4 29. a5 Kh8 30. Ra1 h5 31. Qf3 Qg6 32. Re2 Nf5 33. Kh2 Nd6 34. Re5
Rf5 35. Qd3 Qf7 36. a6 h4 37. g4 Rxe5 38. fxe5 Nc4 39. Rf1 Qe7 40. Bc1 Ne6 41.
Qg6 Kg8 42. g5 Qe8 43. Qd3 Ra8 44. Bf3 Rxa6 45. Bg4 b3 46. g6 Nf8 47. Qxb3 Rb6
48. Qf3 Rb8 49. Qf7+ Kh8 50. Bg5 Nxg6 51. Qxe8+ Rxe8 52. Bd7 Rb8 53. Bxc6 Rb2+
54. Kg1 Nd2 55. Bxd2 Rxd2 56. Be8 Kh7 57. Rf5 Kh6 58. Bxg6 Kxg6 59. Rf4 Kh5 60.
Kf1 Ra2 61. e6 Ra6 62. Rf5+ Kg6 63. Re5 Ra8 64. Rxd5 Kf6 65. Re5 Re8 66. Kf2
Rxe6 67. Rxe6+ Kxe6 68. Kf3 1/2-1/2

[Event "Prva liga Centralne Srbije 2007"]
[Site "Vrnjacka Banja"]
[Date "2007.10.14"]
[Round "6.3"]
[White "Dmitrovic, Tomislav"]
[Black "Rabrenovic, Vladan"]
[Result "1/2-1/2"]
[WhiteElo "2266"]
[BlackElo "2312"]
[PlyCount "51"]
[EventDate "2007.09.09"]

1. d4 d6 2. Bg5 c6 3. c3 Nd7 4. Nd2 h6 5. Bh4 Ngf6 6. e4 e5 7. Ngf3 Be7 8. Be2
O-O 9. O-O exd4 10. Nxd4 Nc5 11. f3 a5 12. a4 Re8 13. Qc2 Qc7 14. Rae1 Nfxe4
15. Bxe7 Nxd2 16. Bxd6 Qxd6 17. Qxd2 Bf5 18. Qd1 Bg6 19. Bc4 Rad8 20. b3 Qf6
21. Qd2 Ne6 22. Qf2 Nf4 23. Rxe8+ Rxe8 24. Re1 Rd8 25. Qe3 Qg5 26. g3 1/2-1/2

[Event "Prva liga Centralne Srbije 2007"]
[Site "Vrnjacka Banja"]
[Date "2007.10.14"]
[Round "6.3"]
[White "Irizanin, Radoje"]
[Black "Tosic, Nebojsa"]
[Result "1-0"]
[WhiteElo "2325"]
[BlackElo "2227"]
[PlyCount "111"]
[EventDate "2007.09.09"]

1. d4 Nf6 2. Nf3 c5 3. e3 b6 4. Bd3 Bb7 5. Nbd2 e6 6. c3 Be7 7. O-O O-O 8. e4
d6 9. Re1 Nbd7 10. e5 dxe5 11. dxe5 Nd5 12. Ne4 Re8 13. Bg5 f6 14. exf6 N7xf6
15. Nxf6+ Bxf6 16. Bxf6 Nxf6 17. Qe2 Re7 18. Rad1 Qe8 19. Ne5 a6 20. h3 b5 21.
Qe3 Rc8 22. Bc2 Rcc7 23. Rd2 Qa8 24. Red1 Re8 25. Qg3 Rce7 26. f3 Qc8 27. Qh4
Qc7 28. Ng4 Rf8 29. Re2 Kh8 30. Rde1 Bc8 31. Ne5 Kg8 32. Rd2 Bb7 33. Qg3 Nh5
34. Bxh7+ Kxh7 35. Qg6+ Kg8 36. Qxh5 Rf5 37. Qh4 g5 38. Qg3 Bc8 39. Kh2 Rg7 40.
Ng4 Rf4 41. Ne5 Rf5 42. Ng4 Rf4 43. Re5 Qe7 44. Qf2 Rc4 45. Qe3 Qc7 46. b3 Rf4
47. Qxc5 Kh7 48. Qxc7 Rxc7 49. Rxg5 Rxc3 50. Kg3 Rf8 51. h4 Rc7 52. Re5 Bd7 53.
Re3 Rf5 54. Red3 Be8 55. Rd6 Rc6 56. b4 1-0

[Event "Prva liga Centralne Srbije 2007"]
[Site "Vrnjacka Banja"]
[Date "2007.10.14"]
[Round "6.3"]
[White "Rajkovic, Ljubomir"]
[Black "Colovic, Dusan"]
[Result "0-1"]
[WhiteElo "2208"]
[BlackElo "2356"]
[PlyCount "86"]
[EventDate "2007.09.09"]

1. e4 d6 2. d4 Nf6 3. Nc3 e5 4. dxe5 dxe5 5. Qxd8+ Kxd8 6. Nf3 Bd6 7. Bg5 Be6
8. Nb5 Nbd7 9. O-O-O Ke7 10. Nxd6 cxd6 11. Bb5 Nc5 12. Rhe1 a6 13. Bf1 Rac8 14.
Kb1 b5 15. Nd2 h6 16. Bxf6+ Kxf6 17. g3 Ke7 18. f4 f6 19. Nb3 Nxb3 20. axb3 g5
21. Rd2 gxf4 22. gxf4 Rhg8 23. f5 Bf7 24. Red1 Rg1 25. b4 Bh5 26. Re1 Rcg8 27.
Rf2 R8g4 28. Kc1 d5 29. exd5 Rxb4 30. c3 Rh4 31. Kd2 Bf7 32. Ra1 Bxd5 33. Rxa6
b4 34. Rb6 bxc3+ 35. bxc3 Ra4 36. Rb2 Ra1 37. Be2 Rgc1 38. Rb5 Be4 39. Rb2 Bc6
40. c4 Kd6 41. Ra2 Rxa2+ 42. Kxc1 Be4 43. Kd1 Bd3 0-1

[Event "Prva liga Centralne Srbije 2007"]
[Site "Vrnjacka Banja"]
[Date "2007.10.14"]
[Round "6.3"]
[White "Mirkovic, Stevan"]
[Black "Rajkovic, Aleksandar"]
[Result "1-0"]
[WhiteElo "2226"]
[BlackElo "2148"]
[PlyCount "65"]
[EventDate "2007.09.09"]

1. Nf3 c5 2. c4 Nc6 3. d4 cxd4 4. Nxd4 g6 5. e4 Bg7 6. Be3 Nf6 7. Nc3 Ng4 8.
Qxg4 Nxd4 9. Qd1 Nc6 10. Rc1 O-O 11. Be2 d6 12. Qd2 Be6 13. h4 Ne5 14. h5 Nxc4
15. Bxc4 Bxc4 16. Bh6 Bf6 17. Bxf8 Qxf8 18. Nd5 Bxa2 19. Nxf6+ exf6 20. hxg6
fxg6 21. Rc7 Bf7 22. O-O d5 23. exd5 Rd8 24. Qf4 Bxd5 25. Re1 g5 26. Qf5 Bf7
27. Qxf6 Rd6 28. Qxg5+ Bg6 29. Ree7 b5 30. Qh4 Rd1+ 31. Kh2 Rd5 32. Rxh7 Qd6+
33. g3 1-0

[Event "Prva liga Centralne Srbije 2007"]
[Site "Vrnjacka Banja"]
[Date "2007.10.14"]
[Round "6.5"]
[White "Savicevic, Vlatko"]
[Black "Stojanovic, Dalibor"]
[Result "0-1"]
[WhiteElo "2326"]
[BlackElo "2503"]
[PlyCount "81"]
[EventDate "2007.09.09"]

1. e4 e5 2. Nf3 Nc6 3. Bb5 a6 4. Ba4 Nf6 5. O-O Be7 6. Re1 b5 7. Bb3 O-O 8. a4
b4 9. d3 d6 10. Nbd2 a5 11. c3 Bg4 12. h3 Bh5 13. Nf1 Rb8 14. g4 Bg6 15. Ne3
Qd7 16. Nh4 Kh8 17. Nef5 Ng8 18. Bc4 Bxh4 19. Nxh4 Qd8 20. Nf5 f6 21. d4 bxc3
22. bxc3 Be8 23. Be3 Nge7 24. Qf3 exd4 25. cxd4 Nxf5 26. gxf5 Nb4 27. Rec1 Bd7
28. Rc3 Qe7 29. Bb3 Rbc8 30. Rac1 c6 31. Bf4 Rfe8 32. Re3 c5 33. dxc5 dxc5 34.
Qg3 c4 35. Rxc4 Rxc4 36. Bxc4 Nc2 37. Be6 Qd8 38. Rc3 Bxa4 39. Kg2 Nd4 40. Bf7
Ne2 41. Bxe8 0-1

[Event "Prva liga Centralne Srbije 2007"]
[Site "Vrnjacka Banja"]
[Date "2007.10.14"]
[Round "6.5"]
[White "Bogosavljevic, Boban"]
[Black "Simic, Dragisa"]
[Result "1-0"]
[WhiteElo "2491"]
[BlackElo "2333"]
[PlyCount "61"]
[EventDate "2007.09.09"]

1. d4 Nf6 2. Bg5 e6 3. e4 d6 4. Nc3 Nbd7 5. Qd2 h6 6. Be3 Ng4 7. Bf4 e5 8. Bg3
Be7 9. h4 exd4 10. Qxd4 Bf6 11. Qd2 Nc5 12. O-O-O O-O 13. f3 Be5 14. Bxe5 Nxe5
15. g4 a6 16. g5 h5 17. Be2 b5 18. Nh3 b4 19. Nd5 a5 20. Nhf4 g6 21. Nf6+ Kg7
22. N6xh5+ gxh5 23. Nxh5+ Kg8 24. Nf6+ Kg7 25. f4 Ned7 26. Nh5+ Kg8 27. Qd4 Ne6
28. Qd5 Ra7 29. Rhg1 Ng7 30. g6 Nb6 31. Qd4 1-0

[Event "Prva liga Centralne Srbije 2007"]
[Site "Vrnjacka Banja"]
[Date "2007.10.14"]
[Round "6.5"]
[White "Pavlovic, Nebojsa"]
[Black "Miljkovic, Miroslav"]
[Result "0-1"]
[WhiteElo "2337"]
[BlackElo "2405"]
[PlyCount "75"]
[EventDate "2007.09.09"]

1. e4 c5 2. Nf3 Nc6 3. d4 cxd4 4. Nxd4 Nf6 5. Nc3 e5 6. Ndb5 d6 7. Bg5 a6 8.
Na3 b5 9. Nd5 Be7 10. Bxf6 Bxf6 11. c3 Bg5 12. Nc2 Ne7 13. h4 Bh6 14. a4 bxa4
15. Ncb4 O-O 16. Rxa4 a5 17. Nxe7+ Qxe7 18. Nd5 Qb7 19. b3 Kh8 20. Bc4 Bd7 21.
Ra3 f5 22. exf5 Bxf5 23. O-O Be6 24. Qd3 g6 25. b4 a4 26. Ba2 Qf7 27. b5 Bc1
28. c4 Bxa3 29. Qxa3 Bxd5 30. cxd5 Qc7 31. Qe3 Rac8 32. h5 gxh5 33. Bb1 Qg7 34.
b6 Rc5 35. Be4 Qf6 36. Rb1 Qf4 37. Qe1 Rb8 38. b7 0-1

[Event "Prva liga Centralne Srbije 2007"]
[Site "Vrnjacka Banja"]
[Date "2007.10.14"]
[Round "6.5"]
[White "Perunovic, Miodrag"]
[Black "Adzic, Momcilo"]
[Result "0-1"]
[WhiteElo "2368"]
[BlackElo "2248"]
[PlyCount "116"]
[EventDate "2007.09.09"]

1. d4 Nf6 2. Nf3 e6 3. e3 c5 4. Bd3 Nc6 5. O-O d5 6. b3 Bd6 7. Bb2 O-O 8. Nbd2
b6 9. a3 Bb7 10. Ne5 Rc8 11. Qf3 cxd4 12. exd4 Ne7 13. Qh3 Ng6 14. Qe3 Qe7 15.
f4 Rc7 16. Ndf3 Rfc8 17. Ng5 Qe8 18. Rae1 Nf8 19. f5 h6 20. Nh3 exf5 21. Bxf5
Rd8 22. Bd3 N8h7 23. Rf3 Ne4 24. Ref1 f6 25. Ng4 Re7 26. Qc1 Bc8 27. Nxh6+ gxh6
28. Qxh6 Rg7 29. Bc1 Bg4 30. Re3 Qg6 31. Qxg6 Rxg6 32. Nf2 Bf4 33. Rxe4 dxe4
34. Bc4+ Kg7 35. Bxf4 Rxd4 36. c3 Rd8 37. Nxe4 Rd1 38. Rxd1 Bxd1 39. Nd6 Ng5
40. Kf2 Bc2 41. Bd5 Kf8 42. h4 Nh7 43. h5 Rg4 44. g3 Ng5 45. Nc8 Nh3+ 46. Kf3
Bd1+ 47. Ke3 Nxf4 48. gxf4 Rg7 49. Be6 Bxh5 50. c4 Rg3+ 51. Kd4 Rxb3 52. Nxa7
Rxa3 53. Nc8 Rb3 54. Ke4 Kg7 55. Nd6 Rb4 56. Nb5 Be8 57. Nd6 Bc6+ 58. Kd4 Rb1
0-1

[Event "Prva liga Centralne Srbije 2007"]
[Site "Vrnjacka Banja"]
[Date "2007.10.14"]
[Round "6.5"]
[White "Semenov, Aleksandar"]
[Black "Maksimovic, Branimir"]
[Result "0-1"]
[WhiteElo "2264"]
[BlackElo "2362"]
[PlyCount "92"]
[EventDate "2007.09.09"]

1. c4 e6 2. g3 d5 3. Bg2 Nf6 4. cxd5 exd5 5. Nf3 Be7 6. d4 O-O 7. O-O c6 8. Nc3
Nbd7 9. Qc2 Re8 10. Rb1 a5 11. a3 Bd6 12. Nd2 Nf8 13. e4 dxe4 14. Ncxe4 Nxe4
15. Nxe4 Bf5 16. Bd2 Ne6 17. Bc3 Bf8 18. Rbd1 Nc7 19. Rfe1 Nd5 20. Qc1 Qb6 21.
Qd2 a4 22. Nc5 h6 23. Rxe8 Rxe8 24. Nxa4 Qb5 25. Nc5 Re2 26. Qc1 Rc2 27. Qa1
Nxc3 28. bxc3 Bxc5 29. Bf1 Qa5 30. dxc5 Qxc5 31. Rd8+ Kh7 32. Qe1 Rxc3 33. a4
Rc1 34. Rd1 Rxd1 35. Qxd1 Qc2 36. Qd4 c5 37. Qd5 Qb1 38. f3 b6 39. g4 Be6 40.
Qd3+ Qxd3 41. Bxd3+ g6 42. Bc2 Kg7 43. h4 Kf6 44. Kf2 Ke5 45. Ke3 h5 46. gxh5
gxh5 0-1

[Event "Prva liga Centralne Srbije 2007"]
[Site "Vrnjacka Banja"]
[Date "2007.10.14"]
[Round "6.5"]
[White "Miljkovic, Mihajlo"]
[Black "Draskovic, Dragan"]
[Result "1-0"]
[WhiteElo "2260"]
[BlackElo "2154"]
[PlyCount "75"]
[EventDate "2007.09.09"]

1. d4 Nf6 2. c4 g6 3. Nc3 d5 4. cxd5 Nxd5 5. e4 Nxc3 6. bxc3 Bg7 7. Bc4 c5 8.
Ne2 Nc6 9. Be3 Qa5 10. O-O cxd4 11. cxd4 O-O 12. Rc1 Rd8 13. Qb3 Rf8 14. Rfd1
e6 15. d5 exd5 16. Bxd5 Nd8 17. Nf4 Qa6 18. Bc4 Qf6 19. Nd5 Qe5 20. Bc5 Re8 21.
Bd4 Qb8 22. Bxg7 Kxg7 23. Qc3+ Kh6 24. Bb5 Nc6 25. Nf6 Re5 26. Bxc6 bxc6 27.
Qxc6 Be6 28. Nd5 Rh5 29. Nc7 Qb2 30. Qxa8 Qe5 31. Qf8+ Kg5 32. g3 Qxe4 33. Qe7+
Kh6 34. Nxe6 fxe6 35. Qf8+ Kg5 36. Rc5+ e5 37. Qe7+ Kg4 38. Qe6+ 1-0

[Event "Prva liga Centralne Srbije 2007"]
[Site "Vrnjacka Banja"]
[Date "2007.10.14"]
[Round "6.6"]
[White "Misailovic, Nebojsa"]
[Black "Petkov, Vladimir"]
[Result "1-0"]
[WhiteElo "2318"]
[BlackElo "2520"]
[PlyCount "85"]
[EventDate "2007.09.09"]

1. e4 e5 2. Nf3 Nc6 3. Bb5 a6 4. Ba4 Nf6 5. O-O Be7 6. Re1 b5 7. Bb3 d6 8. c3
O-O 9. h3 Rb8 10. d4 exd4 11. cxd4 d5 12. e5 Ne4 13. Nc3 Nxc3 14. bxc3 Bf5 15.
Bc2 Qd7 16. Bf4 Rb6 17. Qb1 Bxc2 18. Qxc2 Nd8 19. Re2 Rg6 20. Bg3 Ne6 21. a4 b4
22. cxb4 Bxb4 23. Qd3 c5 24. dxc5 Nxc5 25. Qd4 a5 26. Rd1 Nxa4 27. Rc2 Rd8 28.
Rdc1 Nb6 29. Rc7 Qe8 30. Nh4 Re6 31. Nf5 Nc4 32. Bh4 Rb8 33. Nxg7 Kxg7 34. Bf6+
Rxf6 35. exf6+ Kh8 36. Qxd5 Nd6 37. Re7 Qg8 38. Rd7 Rb5 39. Qc6 Rg5 40. Rd1 Ne8
41. Rd8 Re5 42. Qa8 h5 43. f4 1-0

[Event "Prva liga Centralne Srbije 2007"]
[Site "Vrnjacka Banja"]
[Date "2007.10.14"]
[Round "6.6"]
[White "Manic, Jovica"]
[Black "Lekic, Dusan"]
[Result "1/2-1/2"]
[WhiteElo "2266"]
[BlackElo "2360"]
[PlyCount "52"]
[EventDate "2007.09.09"]

1. Nf3 c5 2. e4 d6 3. d4 cxd4 4. Nxd4 Nf6 5. Nc3 Nc6 6. f4 g6 7. Nxc6 bxc6 8.
e5 Nd7 9. exd6 exd6 10. Be3 Be7 11. Be2 Nf6 12. O-O Be6 13. Bf3 Qc8 14. Ne4
Nxe4 15. Bxe4 d5 16. Bd3 Bf5 17. c4 dxc4 18. Bxc4 O-O 19. Rc1 Bf6 20. Rf2 Qb7
21. Qb3 Qxb3 22. Bxb3 Be4 23. Rd2 Rfd8 24. Rcd1 a5 25. Rxd8+ Rxd8 26. Rxd8+
Bxd8 1/2-1/2